00720nam a2200217 a 450000100100000000500170001000800410002702000150006804000250008308200150010810000230012324500830014626000320022930000210026149000150028250000440029783000220034104900090036395201130037299900170048500002352420200930022300.0101210s1980 sp r 000 | spa d a8485823028 aDO-SdBNPbspacBNPHU axxxbL318v1 aLarbene, L.94848810aVerdad y falsedad de la Iglesia :bque hoy es necesario conocer /cL. Larbene. aMadrid :bEmpano 14,c1980. a287 p. ;c20 cm. aSociologia aIncluye referencias al pie de páginas 0aSociologia933282 aBNGR 001050718MOaGRbGRcCTd2010-12-10iLF1l0oxxx L318vp23524-10r2020-06-25w2020-06-25y1ZNo se presta c23020d23020